000 00668cam a2200169 4500
008 090401t1979 xxu||||| |||| 00| 0 eng d
020 _a0333236459
035 _a(Sirsi) u69297
041 _aeng
050 _a658.99
100 _aBurgess, Roger A
245 _aManagement in the construction industry: Proceedings of the conference organised by the Construction Industry Conference Centre Ltd, in conjunction with the RICS, the Institute of Building, the British Institute of Management and the Department of Environment, held in London on November 10-11th 1977
260 _aLondon
_bMacMillan Press
_c1979
350 _a0
942 _n0
948 _c04/03/1997
999 _c95184
_d95184